Risk in the modern age : social theory, science and environmental decision-making /

保存先:
書誌詳細
第一著者: Cohen, Maurie J. (ed.)
フォーマット: 図書
言語:英語
出版事項: Londres, Inglaterra : St. Martin's Press, 2000, c2000
主題:
タグ: タグ追加
タグなし, このレコードへの初めてのタグを付けませんか!

MARC

LEADER 00000nam^a2200000^a^4500
001 000118453
005 20250521000000.0
009 20260310094240.887
020 |a 0-333-72639-1 
037 |a Acervo ITESO - Biblioteca 
041 |a ING 
082 |a 304. 28  |b COH 
100 |a Cohen, Maurie J.  |e (ed.) 
245 1 0 |a Risk in the modern age :  |b social theory, science and environmental decision-making /  |c Ed. de M.J. Cohen. 
264 4 |a Londres, Inglaterra :  |b St. Martin's Press,  |c 2000, c2000 
300 |a 264 p. 
336 |a texto  |b txt  |2 rdacontenido 
337 |a sin mediación  |b n  |2 rdamedio 
338 |a volumen  |b nc  |2 rdasoporte 
649 |a XX 
650 |a Riesgo Ambiental 
650 |a Impacto Ambiental 
650 |a Política Ambiental 
650 |a Conservación y Protección Ambiental 
650 |a Movimientos Ecologistas 
650 |a Toma de Decisiones 
650 |a Modernidad y Posmodernidad 
650 |a Ecología 
650 |a Sociología -  |x Teoría 
910 |a Fondo General 
920 |a Impresos - Libros 
930 |a Colección General 
905 |a 101 
901 |a 0500053344  |b IT1  |c ACC  |u 20250521 
902 |a https://opac.biblio.iteso.mx/vufind/Record/000118453